| 000 | 00361nam a2200133Ia 4500 | ||
|---|---|---|---|
| 008 | 240624s9999 xx 000 0 und d | ||
| 041 | _aeng | ||
| 082 | _a823 SCH | ||
| 100 | _aSCHMIDLE NICHOLAS | ||
| 245 | _aTO LIVE OR TO PERISH FOREVER TWO TUMULTU | ||
| 260 |
_c2009 _aLondon _bRandom House Publishing |
||
| 300 | _ax, : 272 : p. : cm. ; 19 | ||
| 365 |
_cRS _b20 |
||
| 999 |
_c13627 _d13627 |
||